000 00654nam a2200205 i 4500
001 112361
003 ES-MaACL
005 20251003063119.0
007 t|
008 061121s1963 sp r ||||1| cat d
100 1 _aEspinalt, Carles M.,
_d1920-1993
_984412
245 1 4 _aEls origens del carácter /
_cCarlos Muñoz Espinalt.
260 _aBarcelona :
_b[s.n.],
_c1963 (
_fGráf. Salva)
300 _a23 p. ;
_c22 cm.
490 1 _aEdicions d'Aportació Catalana ;
_v6
650 0 7 _aCarácter
_2embne
_910773
830 0 _aEdicions d'Aportació Catalana ;
_v6
_9182321
852 _aES-MaACL
_j2038-F-17
_bR.53101
999 _c112361
_d112361